[Event "AUTO-INT-1578"]
[Site "http://www.queenalice.com/game.php?id=714041"]
[Date "2010.1.15"]
[Round "1"]
[White "Shango"]
[Black "FranzMeM"]
[Result "1-0"]
[WhiteElo "1443"]
[BlackElo "1295"]

1. e4 e5 2. Nf3 Nc6 3. d4 d6 4. Bb5 Bg4 5. Bxc6+ bxc6 6. Nbd2 Bxf3 7. Nxf3 Nf6
8. Bg5 Be7 9. Bxf6 Bxf6 10. O-O exd4 11. Nxd4 Qd7 12. Re1 O-O 13. b3 d5 14. e5
Rae8 15. exf6 Rxe1+ 16. Qxe1 Re8 17. Qd2 Qd6 18. fxg7 Qe5 19. g3 Qxg7 20. Re1
Rxe1+ 21. Qxe1 Kf8 22. Nxc6 f6 23. Qe6 Qf7 24. Qxf7+ Kxf7 25. Nxa7 h5 26. Nc6
Kg6 27. a4 f5 28. a5 Kg5 29. a6 h4 30. a7 hxg3 31. hxg3 Kg4 32. a8=Q f4 33. Qc8+
Kf3 34. Nd4+ Ke4 35. c3 fxg3 36. Qf5# 1-0

[Event "AUTO-INT-1578"]
[Site "http://www.queenalice.com/game.php?id=714042"]
[Date "2010.1.15"]
[Round "1"]
[White "FranzMeM"]
[Black "Shango"]
[Result "0-1"]
[WhiteElo "1295"]
[BlackElo "1460"]

1. d4 d5 2. e3 Nc6 3. Nf3 Bg4 4. h3 Bxf3 5. gxf3 Qd7 6. Nc3 O-O-O 7. Bb5 a6 8.
Bxc6 Qxc6 9. Qd3 e6 10. b3 Bb4 11. Bd2 Nf6 12. a3 Bxc3 13. Qxc3 Qxc3 14. Bxc3
Rd6 15. a4 Rc6 16. O-O-O Rxc3 17. h4 Nd7 18. h5 e5 19. h6 exd4 20. hxg7 Rg8 21.
Rxd4 Rxg7 22. Rxd5 Rc6 23. e4 Rcg6 24. Rhd1 Rd6 25. Kb2 Rxd5 26. exd5 Rg6 27. b4
Rd6 28. Kb3 Nf6 29. c4 c6 30. b5 cxd5 31. bxa6 dxc4+ 32. Kxc4 Rxd1 33. axb7+
Kxb7 34. Kb5 h5 35. a5 Rb1+ 36. Ka4 Ka6 37. f4 Nd5 38. f5 h4 39. f4 h3 40. f6 h2
41. f5 h1=Q 42. Ka3 Qh3+ 43. Ka4 Qb3# 0-1

[Event "Challenge"]
[Site "http://www.queenalice.com/game.php?id=727754"]
[Date "2010.2.7"]
[Round "-"]
[White "Shango"]
[Black "dreaming_of_a_vacation"]
[Result "1-0"]
[WhiteElo "1510"]
[BlackElo "1258"]

1. e4 e5 2. Nf3 d6 3. d4 f6 4. Nc3 c6 5. d5 c5 6. Bb5+ Bd7 7. Qe2 a6 8. Bxd7+
Nxd7 9. O-O Nb6 10. b3 Qd7 11. h3 g6 12. a4 O-O-O 13. a5 Na8 14. Be3 Bh6 15.
Rfb1 Nc7 16. b4 Bf8 17. bxc5 dxc5 18. Qc4 b5 19. Qe2 Nh6 20. Rd1 Bd6 21. Qd3 Nf5
22. exf5 Qxf5 23. Qxf5+ gxf5 24. Nh4 f4 25. Bc1 Rdf8 26. Nf5 Ne8 27. Nxd6+ Nxd6
28. Ba3 b4 29. Bxb4 cxb4 30. Na4 Kd7 31. Rab1 Rb8 32. Nc5+ Ke7 33. Nxa6 Ra8 34.
Nxb4 Kf7 35. Nc6 Ne4 36. Rb7+ Kf8 37. d6 Nc5 38. Re7 h5 39. d7 1-0

[Event "AUTO-BEG-372"]
[Site "http://www.queenalice.com/game.php?id=739797"]
[Date "2010.3.2"]
[Round "2"]
[White "ztnilz"]
[Black "Shango"]
[Result "1-0"]
[WhiteElo "1812"]
[BlackElo "1568"]

1. e4 e5 2. Nf3 Nc6 3. Bc4 Nf6 4. Ng5 d5 5. exd5 Nxd5 6. Nxf7 Kxf7 7. Qf3+ Ke6
8. Nc3 Qf6 9. Bxd5+ Ke7 10. Bxc6 Qxc6 11. Qxc6 bxc6 12. d3 Be6 13. b3 g6 14.
Ba3+ Kf7 15. Bxf8 Rhxf8 16. Ne4 Kg7 17. O-O Rab8 18. Nc5 Rbe8 19. Nxe6+ Rxe6 20.
b4 Ref6 21. f3 Rd8 22. Rfe1 Re6 23. f4 Rde8 24. fxe5 Rxe5 25. Rxe5 Rxe5 26. c4
a6 27. Kf2 c5 28. a3 1-0

[Event "AUTO-BEG-372"]
[Site "http://www.queenalice.com/game.php?id=739798"]
[Date "2010.3.2"]
[Round "2"]
[White "Shango"]
[Black "ztnilz"]
[Result "0-1"]
[WhiteElo "1582"]
[BlackElo "1798"]

1. e4 e5 2. Nf3 Nf6 3. Nc3 d6 4. d4 Nbd7 5. Bg5 Be7 6. dxe5 dxe5 7. Bxf6 Bxf6 8.
Be2 O-O 9. Nd5 c6 10. Nxf6+ Qxf6 11. Qd3 Nc5 12. Qc4 b6 13. O-O-O Be6 14. Qc3
Nxe4 15. Qe3 Nc5 16. Nxe5 Bxa2 17. b3 Rfe8 18. f4 Qh6 19. Ng4 Rxe3 20. Nxh6+
gxh6 21. Kb2 Rxe2 22. Rhe1 Rxe1 23. Rxe1 Bxb3 24. cxb3 Nd3+ 0-1

[Event "AUTO-BEG-372"]
[Site "http://www.queenalice.com/game.php?id=739803"]
[Date "2010.3.2"]
[Round "2"]
[White "Shango"]
[Black "nsarquis"]
[Result "0-1"]
[WhiteElo "1516"]
[BlackElo "1370"]

1. e4 e6 2. e5 c5 3. Nf3 d6 4. Bc4 Nc6 5. Bb5 Bd7 6. Bxc6 Bxc6 7. Qe2 dxe5 8.
Qxe5 Nf6 9. Nc3 Bd6 10. Qe2 O-O 11. Ne5 Nd5 12. Nxc6 bxc6 13. Ne4 f5 14. Nxd6
Qxd6 15. b3 Nf4 16. Qf3 Nxg2+ 17. Qxg2 Qe5+ 18. Kd1 Qxa1 19. Rg1 g6 20. c3 Qxa2
0-1

[Event "AUTO-BEG-372"]
[Site "http://www.queenalice.com/game.php?id=739804"]
[Date "2010.3.2"]
[Round "2"]
[White "nsarquis"]
[Black "Shango"]
[Result "1-0"]
[WhiteElo "1335"]
[BlackElo "1534"]

1. e4 e5 2. Nf3 Nf6 3. Nxe5 Nxe4 4. Qe2 Nc5 5. Nc6+ Qe7 6. Nxe7 Bxe7 7. Nc3 d6
8. Nd5 Be6 9. Nxc7+ Kd7 10. Nxa8 Nc6 11. b4 Nxb4 12. Qb5+ Nc6 13. d4 Ne4 14. d5
Nc3 15. Qxb7+ 1-0

[Event "AUTO-BEG-372"]
[Site "http://www.queenalice.com/game.php?id=739806"]
[Date "2010.3.2"]
[Round "2"]
[White "oneuniversalgod"]
[Black "Shango"]
[Result "0-1"]
[WhiteElo "1435"]
[BlackElo "1514"]

1. e4 e5 2. Nf3 Nf6 3. Bc4 Nc6 4. Nc3 Nd4 5. Nd5 Nxd5 6. exd5 Bc5 7. Nxd4 Bxd4
8. O-O Qg5 9. d3 Qf6 10. c3 Bc5 0-1

[Event "AUTO-BEG-373"]
[Site "http://www.queenalice.com/game.php?id=740513"]
[Date "2010.3.3"]
[Round "2"]
[White "kiteflyer"]
[Black "Shango"]
[Result "1/2-1/2"]
[WhiteElo "1620"]
[BlackElo "1507"]

1. e4 e5 2. Nf3 Nc6 3. Nc3 Nf6 4. d3 Bb4 5. Bd2 Bxc3 6. Bxc3 d6 7. Be2 Qe7 8.
O-O Bg4 9. d4 Nxe4 10. dxe5 Bxf3 11. Bxf3 Nxc3 12. bxc3 Nxe5 13. Bxb7 Rb8 14.
Bc6+ Nxc6 15. Re1 Ne5 16. f4 O-O 17. fxe5 dxe5 18. Re3 Rbd8 19. Qe2 f6 1/2-1/2

[Event "AUTO-BEG-373"]
[Site "http://www.queenalice.com/game.php?id=740514"]
[Date "2010.3.3"]
[Round "2"]
[White "Shango"]
[Black "kiteflyer"]
[Result "1/2-1/2"]
[WhiteElo "1502"]
[BlackElo "1625"]

1. e4 e5 2. Nf3 Nc6 3. d4 Nxd4 4. Nxd4 exd4 5. Qxd4 Nf6 6. Bg5 Be7 7. e5 Ng8 8.
Bxe7 Nxe7 9. Qh4 Nc6 10. Qxd8+ Nxd8 11. Nc3 Ne6 12. O-O-O O-O 13. Bc4 a6 14.
Bxe6 dxe6 15. Rhe1 b5 16. Ne4 Bb7 17. Rd7 Bxe4 18. Rxe4 Rad8 19. Red4 Rxd7 20.
Rxd7 c5 21. f4 1/2-1/2

[Event "AUTO-BEG-373"]
[Site "http://www.queenalice.com/game.php?id=740515"]
[Date "2010.3.3"]
[Round "2"]
[White "ztnilz"]
[Black "Shango"]
[Result "1-0"]
[WhiteElo "1805"]
[BlackElo "1575"]

1. e4 e5 2. Nf3 Nf6 3. Nxe5 Nxe4 4. Nxf7 Kxf7 5. Qh5+ g6 6. Qd5+ Ke8 7. Qxe4+
Qe7 8. d3 Qxe4+ 9. dxe4 d6 10. Bc4 Nd7 11. Nc3 b6 12. Nd5 Bb7 13. Nxc7+ Kd8 14.
Nxa8 Bxa8 15. Bd5 Bxd5 16. exd5 Nf6 17. Bg5 Be7 18. c4 Nh5 19. Bxe7+ Kxe7 20.
O-O-O Kf7 21. Rd4 Kg7 22. Re4 Rf8 23. Re7+ Kh6 24. f3 Rf4 25. b3 Rd4 26. Rxa7
Nf4 27. g3 Nd3+ 28. Kc2 Nf2 29. Re1 1-0

[Event "AUTO-BEG-373"]
[Site "http://www.queenalice.com/game.php?id=740516"]
[Date "2010.3.3"]
[Round "2"]
[White "Shango"]
[Black "ztnilz"]
[Result "0-1"]
[WhiteElo "1562"]
[BlackElo "1818"]

1. e4 e5 2. Nf3 Qe7 3. d4 d6 4. d5 g6 5. Bc4 Bg7 6. O-O Nf6 7. Bg5 O-O 8. Re1 h6
9. Qd2 hxg5 10. Nxg5 Bh6 11. Nc3 Nh7 12. h4 Nxg5 13. hxg5 Bxg5 14. Qd3 a6 15. g3
Kg7 16. Kg2 Rh8 17. Rh1 Rh6 18. Rxh6 Bxh6 19. Rh1 Qg5 20. Qf3 Bg4 21. Qd3 Qd2
22. Qxd2 Bxd2 23. Be2 Bxe2 24. Nxe2 Nd7 25. c3 Bh6 26. c4 b6 27. b4 Bd2 28. a3
b5 0-1

[Event "Challenge"]
[Site "http://www.queenalice.com/game.php?id=769502"]
[Date "2010.5.2"]
[Round "-"]
[White "Shango"]
[Black "Luccascarvalho"]
[Result "0-1"]
[WhiteElo "1524"]
[BlackElo "1441"]

1. e4 e5 2. Nf3 d6 3. d4 exd4 4. Nxd4 Nc6 5. Nxc6 bxc6 6. Nc3 Nf6 7. Bd3 d5 8.
Bg5 Be7 9. e5 O-O 10. O-O Ng4 11. h3 Bxg5 12. hxg4 Be6 13. Bf5 Qe7 14. Qf3 Bxf5
15. Qxf5 Rae8 16. Rfe1 g6 17. Qf3 Bh4 18. Qf4 g5 19. Qf5 d4 20. g3 Bxg3 21. fxg3
dxc3 22. bxc3 h6 23. Rad1 Qc5+ 24. Kg2 Qxc3 25. Qd3 Qc5 26. e6 Rxe6 27. Rxe6
fxe6 28. Qg6+ Kh8 29. Rd7 Qf2+ 30. Kh3 Qf1+ 0-1

[Event "odinn"]
[Site "http://www.queenalice.com/game.php?id=778236"]
[Date "2010.5.20"]
[Round "1"]
[White "ananda"]
[Black "Shango"]
[Result "1-0"]
[WhiteElo "1486"]
[BlackElo "1505"]

1. e4 e5 2. Nf3 Nf6 3. Nc3 Nc6 4. Bc4 Bb4 5. O-O d6 6. d3 Bxc3 7. bxc3 d5 8.
exd5 Nxd5 9. Bxd5 Qxd5 10. c4 Qa5 11. Bd2 Nb4 12. a3 Qc5 13. Bxb4 Qc6 14. Nxe5
Qf6 15. Re1 Be6 16. Ng4 Qg5 17. d4 O-O-O 18. f3 Bxc4 19. Be7 f6 20. Bxd8 Rxd8
21. c3 Bd5 22. Qd3 g6 23. c4 Bc6 24. d5 Bd7 25. Qd4 f5 26. Ne5 Qf6 27. Qxa7 Qa6
28. Qxa6 bxa6 29. Rab1 f4 30. Nc6 Bxc6 31. dxc6 Rd6 32. Re8+ 1-0

[Event "Challenge"]
[Site "http://www.queenalice.com/game.php?id=794416"]
[Date "2010.6.24"]
[Round "-"]
[White "Shango"]
[Black "Racey"]
[Result "0-1"]
[WhiteElo "1492"]
[BlackElo "1402"]

1. e4 Nf6 2. e5 Ne4 3. Qe2 Nc5 4. d4 Ne6 5. Qf3 Nxd4 6. Qe4 Ndc6 7. Nf3 a5 8.
Bc4 h5 9. Qf4 e6 10. O-O Nb4 11. Bb3 h4 12. h3 c5 13. c3 Nd3 14. Qe4 Nxc1 15.
Rxc1 g5 16. Qg4 f5 17. Qxg5 Be7 18. Qg6+ Kf8 19. g4 Rg8 20. Qh6+ Rg7 21. Qh8+
Kf7 22. Qxd8 Bxd8 23. Nbd2 f4 24. Ne4 Na6 0-1